000 00513nam a2200157 i 4500
001 39727
003 ES-MaACL
005 20230906160052.0
007 t|
008 030304s1958 sp ||||1| spa d
100 1 _aCampo Jesús, Luis del.
_934215
245 1 0 _aInvestigaciones histórico-críticas acerca de la Dinastía Pirenaica
_b: (ensayos) /
_cLuis del Campo Jesús.
260 _aPamplona :
_b[s.n.,
_c1958] (
_fImp. La Acción Social)
300 _a304 p. ;
_c19 cm.
852 _aES-MaACL
_jC-15120
_bR.43017
999 _c39727
_d39727